00695nam a2200181 a 450000500170000000800410001702000180005805000240007624500910010026000390019130000230023044000190025350000480027265000310032065000210035199900190037295201220039120140412111231.0001111s19uu xx 00 eng d a0-395-48657-2 aTR(PS EbCu-Ra 1988 aCurious George at the railroad station /cEdited by Margaret Rey and Alan J. Shalleck. aBoston :bHoughton Mifflin,c1988. a32 p. ; col.; ill. aCurious George aAdapted from the Curious George film series aRailroad stationsxFiction aMonkeys--Fiction c102186d102186 001040aELbELcTRd2000-11-11eLib. Fundg132.00l0oTR(PS E Cu-Ra 1988pE0696r2014-04-12 00:00:00w2014-04-12yBK